| 000 | 00714nam a22002057a 4500 | ||
|---|---|---|---|
| 999 |
_c57779 _d57779 |
||
| 005 | 20201124151143.0 | ||
| 008 | 201124s2020 enk||||| |||| 00| 0 eng d | ||
| 020 | _a9788120350830 | ||
| 041 | _aeng | ||
| 080 | _a654.172+004.7 V-75 | ||
| 100 |
_aViswanathan, Thiagarajan _99772 |
||
| 245 |
_aTelecommunication Switching Systems And Networks _cThiagarajan Viswanathan, Manav Bhatnagar. |
||
| 250 | _asecond edition | ||
| 264 |
_aDelhi, _bPHI, _c2020. |
||
| 300 |
_a620 p. _b25 cm. |
||
| 653 | _aტელეკომუნიკაცია | ||
| 653 | _aსაინფორმაციო ტექნოლოგიები | ||
| 700 |
_a Bhatnagar, Manav _eავტორი _99773 |
||
| 942 |
_2udc _cBK |
||